| 000 | 00729nam a2200193Ia 4500 | ||
|---|---|---|---|
| 008 | 100122s9999 xx 000 0 und d | ||
| 082 |
_b2897 _a301.4494 |
||
| 100 | _aगांधी महात्मा | ||
| 245 | _aहिंदु धर्मावरील कलंक | ||
| 250 | _a0 | ||
| 260 |
_bभारत गौरव ग्रंथमाला _c1924 |
||
| 300 | _a221 | ||
| 520 | _aमाळयावर गठ्ठा क्र- 8 | ||
| 620 | _aमाळयावर गठ्ठा क्र- 8 | ||
| 630 | _aहिंदु धर्मावरील कलंक | ||
| 700 | _aनिरंतर ग भा | ||
| 730 | _aहिंदु धर्मावरील कलंक | ||
| 942 | _cBOOK | ||
| 999 |
_c397164 _d397161 |
||